[Event "Tournoi francophone 004 Groupe B"]
[Site "Skype"]
[Date "????.??.??"]
[Round "7.1"]
[White "Le Brun, Yves"]
[Black "Brun, Jacques"]
[Result "0-1"]
[WhiteElo "1532"]
[BlackElo "1786"]
[PlyCount "68"]

1. e4 c5 2. Nc3 Nc6 3. f4 g6 4. Nf3 Bg7 5. g3 d6 6. Bg2 Nf6 7. d3 O-O 8. Ne2
Bd7 9. c3 Qc8 10. Neg1 Rb8 11. Qe2 b5 12. Qf1 a5 13. Bh3 Ng4 14. Ng5 h6 15.
Bxg4 Bxg4 16. N5f3 f5 17. h3 Bxf3 18. Qxf3 fxe4 19. Qxe4 Kh7 20. Ne2 e5 21. Kf2
Ne7 22. g4 Qc6 23. Ng3 exf4 24. Qxc6 fxg3+ 25. Kxg3 Nxc6 26. Bd2 Rbe8 27. Rae1
Ne5 28. Re3 Nc6 29. Re4 d5 30. Rxe8 Rxe8 31. Rf1 Kg8 32. Rf2 b4 33. cxb4 Nxb4
34. Bxb4 axb4 0-1

[Event "Tournoi francophone 004 Groupe B"]
[Site "Skype"]
[Date "????.??.??"]
[Round "7.2"]
[White "Hargez, Dany"]
[Black "Acikgoz, Tuncay"]
[Result "0-1"]
[WhiteElo "1484"]
[BlackElo "1617"]
[PlyCount "88"]

1. e4 e5 2. Nf3 Nc6 3. Bb5 Bc5 4. Bxc6 dxc6 5. O-O Bg4 6. d3 Nf6 7. Bg5 Qd7 8.
Nbd2 Bd6 9. Nc4 Qe6 10. Ne3 h6 11. Bh4 Bh5 12. Nf5 Rg8 13. d4 Nxe4 14. Nxd6+
cxd6 15. Re1 g5 16. Bg3 Nxg3 17. fxg3 e4 18. Qd2 O-O-O 19. Qa5 Qc4 20. Rxe4
Bxf3 21. gxf3 d5 22. Re7 Qxd4+ 23. Kg2 Rd7 24. Rae1 Qb6 25. Qc3 d4 26. Qa3 c5
27. R1e5 Rxe7 28. Rxe7 f5 29. c4 Qd6 30. Re2 d3 31. Rd2 Rd8 32. Qc3 Qd4 33. Qa3
Qe3 34. Qa5 Re8 35. Rf2 a6 36. Qb6 d2 37. Qd6 Rd8 38. Qxd8+ Kxd8 39. Rf1 Qe2+
40. Kg1 h5 41. Ra1 h4 42. gxh4 gxh4 43. f4 h3 44. Rd1 Qg2# 0-1

[Event "Tournoi francophone 004 Groupe B"]
[Site "Skype"]
[Date "????.??.??"]
[Round "7.3"]
[White "Sauvaget, Joel"]
[Black "Briere, Jean"]
[Result "0-1"]
[WhiteElo "1658"]
[BlackElo "1529"]
[PlyCount "76"]

1. d4 d5 2. Nf3 Nc6 3. e3 Bf5 4. Bd3 Bxd3 5. Qxd3 Nf6 6. a3 e6 7. Nc3 Bd6 8. h3
O-O 9. O-O Re8 10. Nb5 Ne4 11. Nxd6 Nxd6 12. c4 Nxc4 13. e4 Nd6 14. e5 Ne4 15.
Bd2 Ne7 16. Bg5 Nxg5 17. Nxg5 Ng6 18. Qe3 f6 19. Nf3 fxe5 20. Nxe5 Nxe5 21.
Qxe5 Qe7 22. Rac1 Rac8 23. Rc3 Qf6 24. f4 c6 25. Rg3 Qxe5 26. fxe5 Rf8 27.
Rxf8+ Rxf8 28. Rf3 Rf7 29. b4 g6 30. Kf2 Kf8 31. Kg3 h5 32. Kh4 Kg7 33. Kg5 b5
34. Rf6 Rxf6 35. exf6+ Kf7 36. g4 hxg4 37. hxg4 a6 38. a4 bxa4 0-1

[Event "Tournoi francophone 004 Groupe B"]
[Site "Skype"]
[Date "????.??.??"]
[Round "7.4"]
[White "Lambert, Pierre"]
[Black "Falardeau, Richard"]
[Result "0-1"]
[WhiteElo "1807"]
[BlackElo "1700"]
[PlyCount "76"]

1. e4 d5 2. exd5 Nf6 3. d4 Nxd5 4. Nc3 Bf5 5. Bd3 Bxd3 6. Qxd3 Nc6 7. a3 g6 8.
Nf3 Bg7 9. O-O O-O 10. Bd2 Nxc3 11. Bxc3 Qd5 12. Rad1 Rad8 13. Rfe1 f5 14. b4
a6 15. Ba1 b5 16. Qe3 Rd6 17. Ne5 Bxe5 18. dxe5 Qxd1 19. exd6 Qxd6 20. Qc3 e5
21. f4 Qd4+ 22. Qxd4 Nxd4 23. Rxe5 Nxc2 24. Bb2 Rd8 25. Re7 Rd1+ 26. Kf2 Rb1
27. Be5 Nxa3 28. Rg7+ Kf8 29. Rxc7 Nc4 30. Bd4 Nd2 31. Ra7 Ne4+ 32. Ke2 Rxb4
33. Be5 Ra4 34. Rxh7 Ra2+ 35. Kf1 Rf2+ 36. Kg1 b4 37. Bd6+ Kg8 38. Ra7 Rd2 0-1

[Event "Tournoi francophone 004 Groupe B"]
[Site "Skype"]
[Date "????.??.??"]
[Round "7.5"]
[White "Bousbia, Amine"]
[Black "Duthoit, Bernard"]
[Result "1-0"]
[WhiteElo "1614"]
[BlackElo "1548"]
[PlyCount "92"]

1. e4 e6 2. d3 d5 3. Nd2 dxe4 4. Nxe4 Nf6 5. Bg5 Be7 6. Nxf6+ Bxf6 7. Bxf6 Qxf6
8. Nf3 O-O 9. d4 Nc6 10. Bc4 b6 11. Qd2 Bb7 12. O-O-O Rad8 13. Ne5 Nxe5 14.
dxe5 Rxd2 15. exf6 Rxd1+ 16. Rxd1 gxf6 17. Bb3 f5 18. f4 Kg7 19. g3 Kf6 20. Rd7
Rc8 21. c3 Bc6 22. Rd4 h5 23. h4 Ke7 24. Kd2 Rd8 25. Ke3 Rxd4 26. Kxd4 Kd6 27.
a3 a5 28. Kc4 b5+ 29. Kd4 a4 30. Bc2 f6 31. c4 bxc4 32. Kxc4 Bd5+ 33. Kb4 c5+
34. Kxa4 Be4 35. Bb3 e5 36. Bd1 Bc6+ 37. Ka5 e4 38. Bxh5 e3 39. Be2 Ke7 40. h5
Kf7 41. Kb6 Bd5 42. Kxc5 Be4 43. Kd4 Kg7 44. Kxe3 Kh6 45. b4 Kh7 46. b5 Bb7 1-0

[Event "Tournoi francophone 004 Groupe B"]
[Site "Skype"]
[Date "????.??.??"]
[Round "8.2"]
[White "Falardeau, Richard"]
[Black "Bousbia, Amine"]
[Result "0-1"]
[WhiteElo "1700"]
[BlackElo "1614"]
[PlyCount "115"]

1. e4 e5 2. d4 Nc6 3. d5 Nce7 4. Nc3 d6 5. f4 Nf6 6. fxe5 dxe5 7. Nf3 Ng6 8.
Bd3 Bc5 9. Qe2 c6 10. dxc6 bxc6 11. Be3 Qb6 12. Bxc5 Qxc5 13. O-O-O Be6 14. g3
Rb8 15. Qd2 O-O 16. Ng5 Bg4 17. Rdf1 h6 18. h3 Qb4 19. hxg4 Qxb2+ 20. Kd1 hxg5
21. Ke2 Nxg4 22. Nd1 Qxa2 23. Qxg5 Nf6 24. Ne3 Rfd8 25. Bc4 Nxe4 26. Qxg6 Qxc4+
27. Nxc4 fxg6 28. Rf3 Rb5 29. Ra1 Rc5 30. Rd3 Nxg3+ 31. Rxg3 Rxc4 32. c3 Rd7
33. Re3 e4 34. Rg3 Kf7 35. Rf1+ Ke8 36. Rf4 Rd6 37. Rg5 Re6 38. Ra5 Re7 39. Ra3
Rf7 40. Rg4 Rc5 41. Rxg6 Re7 42. Ke3 Kf7 43. Rg1 g6 44. Rf1+ Kg7 45. Rfa1 Kf6
46. Rd1 g5 47. Rf1+ Kg6 48. Rf8 a5 49. Ra8 Ree5 50. Rf8 Kg7 51. Rf1 Kg6 52. Rf8
Rcd5 53. c4 Rd3+ 54. Rxd3 exd3+ 55. Kxd3 g4 56. Rg8+ Kh5 57. Kd4 Rg5 58. Rh8+
0-1

[Event "Tournoi francophone 004 Groupe B"]
[Site "Skype"]
[Date "????.??.??"]
[Round "8.3"]
[White "Briere, Jean"]
[Black "Lambert, Pierre"]
[Result "0-1"]
[WhiteElo "1529"]
[BlackElo "1807"]
[PlyCount "64"]

1. e4 c5 2. Nf3 e6 3. d4 cxd4 4. Nxd4 Nf6 5. e5 Qa5+ 6. c3 Qxe5+ 7. Be2 d5 8.
O-O a6 9. Re1 Qc7 10. Qc2 Bd6 11. Nf3 O-O 12. h3 Nc6 13. Bd3 h6 14. b3 Nh5 15.
Bh7+ Kh8 16. Bxh6 gxh6 17. Bg6 Nf4 18. Bd3 Rg8 19. Kh1 Rxg2 20. Rg1 Rxg1+ 21.
Kxg1 e5 22. Nbd2 Bxh3 23. Bf1 Rg8+ 24. Kh1 Qd7 25. Nh2 e4 26. Nxe4 dxe4 27.
Qxe4 Qe6 28. Qf3 Bf5 29. Bg2 Rxg2 30. Rg1 Be4 31. Qxg2 Nxg2 32. Rxg2 Qh3 0-1

[Event "Tournoi francophone 004 Groupe B"]
[Site "Skype"]
[Date "????.??.??"]
[Round "8.5"]
[White "Le Brun, Yves"]
[Black "Hargez, Dany"]
[Result "0-1"]
[WhiteElo "1532"]
[BlackElo "1484"]
[PlyCount "51"]

1. e4 e5 2. d4 d6 3. c3 Nf6 4. Bg5 Be7 5. Nd2 exd4 6. cxd4 O-O 7. Bd3 Nc6 8.
Ngf3 Bg4 9. Be3 d5 10. e5 Ne4 11. h3 Bh5 12. a3 Bg5 13. g4 Bxe3 14. fxe3 Bg6
15. Nf1 Ng5 16. Be2 Nxf3+ 17. Bxf3 Qh4+ 18. Kd2 Qd8 19. Ng3 Na5 20. b3 Qd7 21.
Qe2 Nxb3+ 22. Kc3 Qa4 23. Ra2 c5 24. Bxd5 cxd4+ 25. Kb2 d3 26. Qd2 0-1

[Event "Tournoi francophone 004 Groupe B"]
[Site "Skype"]
[Date "????.??.??"]
[Round "9.1"]
[White "Hargez, Dany"]
[Black "Brun, Jacques"]
[Result "0-1"]
[WhiteElo "1484"]
[BlackElo "1786"]
[PlyCount "114"]

1. e4 c5 2. Nf3 Nc6 3. c3 d5 4. e5 d4 5. Bb5 Bd7 6. Bxc6 Bxc6 7. O-O g6 8. d3
Bg7 9. Bg5 h6 10. Bh4 Qd7 11. e6 Qxe6 12. Re1 Bxf3 13. gxf3 Qf5 14. Bg3 e6 15.
Qa4+ Kd8 16. Nd2 Qd5 17. c4 Qd7 18. Qd1 Ne7 19. Ne4 b6 20. Nd6 Nc8 21. Ne4 Ke7
22. f4 Re8 23. Bh4+ f6 24. Qg4 Kf7 25. Bg3 f5 26. Ng5+ hxg5 27. Qxg5 Bf6 28.
Qh6 Rg8 29. Qh3 Nd6 30. Qg2 Qb7 31. f3 Qe7 32. h4 Bxh4 33. Kf2 Rh8 34. Rh1 Kg7
35. Rh3 Qf6 36. Rah1 Bxg3+ 37. Qxg3 Nf7 38. Qh2 Rxh3 39. Qxh3 Rh8 40. Qf1 Rxh1
41. Qxh1 Qd8 42. Qe1 Qd6 43. Kg3 e5 44. Qd2 exf4+ 45. Qxf4 Qxf4+ 46. Kxf4 Kf6
47. a3 Ne5 48. b4 cxb4 49. axb4 Nxd3+ 50. Kg3 Nxb4 51. Kf2 d3 52. Ke3 f4+ 53.
Kd2 a5 54. Kc3 a4 55. Kd2 a3 56. Kc1 a2 57. Kb2 d2 0-1

[Event "Tournoi francophone 004 Groupe B"]
[Site "Skype"]
[Date "????.??.??"]
[Round "9.2"]
[White "Sauvaget, Joel"]
[Black "Le Brun, Yves"]
[Result "1/2-1/2"]
[WhiteElo "1658"]
[BlackElo "1532"]
[PlyCount "69"]

1. d4 Nf6 2. Nf3 d6 3. Bg5 e6 4. e3 Be7 5. c4 O-O 6. Bd3 Nbd7 7. O-O Ne8 8.
Bxe7 Qxe7 9. Nc3 h6 10. Re1 a6 11. e4 c6 12. Bc2 e5 13. d5 Nb6 14. h3 Nxc4 15.
Rb1 Nb6 16. a3 Bd7 17. Qd2 Nf6 18. Nh2 Nh5 19. Ne2 cxd5 20. exd5 Rac8 21. Bb3
Bf5 22. Rbc1 Bd7 23. Nf1 f5 24. f4 g5 25. fxe5 Rxc1 26. Rxc1 Qxe5 27. Nh2 Re8
28. Nf3 Qxe2 29. Qd4 Nc8 30. Re1 Qb5 31. Qc3 Ne7 32. Ba2 f4 33. Qc2 Qb6+ 34.
Kh2 Nf6 35. Rxe7 1/2-1/2

[Event "Tournoi francophone 004 Groupe B"]
[Site "Skype"]
[Date "????.??.??"]
[Round "9.4"]
[White "Bousbia, Amine"]
[Black "Briere, Jean"]
[Result "1-0"]
[WhiteElo "1614"]
[BlackElo "1529"]
[PlyCount "43"]

1. e4 e5 2. Nc3 Nf6 3. f4 Nc6 4. fxe5 Nxe5 5. d4 Ng6 6. e5 Qe7 7. Nf3 d6 8. Qe2
dxe5 9. dxe5 Ng4 10. Bg5 Qd7 11. Rd1 Qxd1+ 12. Qxd1 Be7 13. Bxe7 Nxe7 14. Nd5
Nxd5 15. Qxd5 O-O 16. Bc4 Ne3 17. Qd2 Nxc4 18. Qc3 Be6 19. O-O c6 20. Ng5 Bd5
21. Qd3 Nxe5 22. Qxh7# 1-0

[Event "Tournoi francophone 004 Groupe B"]
[Site "Skype"]
[Date "????.??.??"]
[Round "9.5"]
[White "Duthoit, Bernard"]
[Black "Falardeau, Richard"]
[Result "0-1"]
[WhiteElo "1548"]
[BlackElo "1700"]
[PlyCount "46"]

1. e4 d5 2. exd5 Nf6 3. Nc3 Nxd5 4. Nxd5 Qxd5 5. Nf3 g6 6. d3 Bg7 7. c3 Nc6 8.
Be3 O-O 9. d4 Bg4 10. Be2 Rad8 11. O-O Rfe8 12. Nd2 Bxe2 13. Qxe2 e5 14. Nf3
exd4 15. Rfd1 Qe4 16. Nxd4 Nxd4 17. cxd4 Bxd4 18. Rd3 Bxb2 19. Rxd8 Bxa1 20.
Rxe8+ Qxe8 21. Kf1 a6 22. Qc4 Qb5 23. Qxb5 axb5 0-1